000
002740000a22000970004500
100
1
_a
Toorn, Karel van der
245
1
0
_a
Saul and the rise of Israelite state religion
300
_a
Vol. 43, Num. 4 (Octubre, 1993), Páginas 519-542
773
0
_t
Vetus Testamentum
942
_c
ANA
999
_c
57869
_d
57869